European AIDS directory /

Gespeichert in:
Bibliographische Detailangaben
Weitere Verfasser: Beaumont, Sylvie
Format: Buch
Sprache:Englisch
Veröffentlicht: London : NAM, c2003
Ausgabe:10. ed
Tags: Tag hinzufügen
Keine Tags, Fügen Sie das erste Tag hinzu!

MARC

LEADER 00000nam a22000007i 4500
001 IT\ICCU\UBO\3303125
003 ItRI
005 20260115231837.0
008 071018s2003 xxk|||||| ||||| |||||c
020 |a 1898397244 
040 |b ita  |c importazione bologna sebina 
041 7 |a eng  |2 ISO-639-2 
245 0 0 |a European AIDS directory /  |c edited by Sylvie Beaumont. 
250 |a 10. ed 
260 |a London :  |b NAM,  |c c2003 
300 |a 363 p. ;  |c 30 cm. 
700 1 |a Beaumont, Sylvie  |0 IT\ICCU\UBOV\199065 
942 |2 ddc  |c BK  |n 0 
952 |0 0  |1 0  |4 0  |6 A_616_979000000000000_BEA  |7 0  |9 14068  |a BO  |b BO  |d 2026-01-15  |i 11385  |l 0  |o A 616.979 BEA  |p BO11385  |r 2026-01-15 23:18:37  |w 2026-01-15  |x [Sebina 7] [1 v.]  |y BK  |z 1 v. 
999 |c 12125  |d 12125